<?xml version="1.0" encoding="UTF-8"?>
<record
    xmlns:xsi="http://www.w3.org/2001/XMLSchema-instance"
    xsi:schemaLocation="http://www.loc.gov/MARC21/slim http://www.loc.gov/standards/marcxml/schema/MARC21slim.xsd"
    xmlns="http://www.loc.gov/MARC21/slim">

  <leader>00365nam a22001577a 4500</leader>
  <controlfield tag="003">SGT</controlfield>
  <datafield tag="020" ind1=" " ind2=" ">
    <subfield code="a">9781543345377</subfield>
  </datafield>
  <datafield tag="082" ind1=" " ind2=" ">
    <subfield code="a">615</subfield>
    <subfield code="b">E22A</subfield>
  </datafield>
  <datafield tag="100" ind1=" " ind2=" ">
    <subfield code="a">ARORA,PRAGI</subfield>
  </datafield>
  <datafield tag="245" ind1=" " ind2=" ">
    <subfield code="a">ESSENTIALS OF SOCIAL PHARMACY</subfield>
  </datafield>
  <datafield tag="260" ind1=" " ind2=" ">
    <subfield code="a">JALANDHAR</subfield>
    <subfield code="b">S.VIKASH &amp; COMPANY</subfield>
    <subfield code="c">2022</subfield>
  </datafield>
  <datafield tag="300" ind1=" " ind2=" ">
    <subfield code="a">214</subfield>
  </datafield>
  <datafield tag="650" ind1=" " ind2=" ">
    <subfield code="a">SOCIAL PHARMACY</subfield>
  </datafield>
  <datafield tag="653" ind1=" " ind2=" ">
    <subfield code="a">SOCIAL, PHARMACY</subfield>
  </datafield>
  <datafield tag="942" ind1=" " ind2=" ">
    <subfield code="2">ddc</subfield>
    <subfield code="c">BK</subfield>
    <subfield code="0">3</subfield>
  </datafield>
  <datafield tag="952" ind1=" " ind2=" ">
    <subfield code="0">0</subfield>
    <subfield code="1">0</subfield>
    <subfield code="2">ddc</subfield>
    <subfield code="4">0</subfield>
    <subfield code="5">1</subfield>
    <subfield code="7">0</subfield>
    <subfield code="8">FP</subfield>
    <subfield code="a">APL</subfield>
    <subfield code="b">APL</subfield>
    <subfield code="c">REF</subfield>
    <subfield code="d">2024-05-28</subfield>
    <subfield code="e">AHUJA PUBLICATION</subfield>
    <subfield code="g">275.00</subfield>
    <subfield code="i">SGTU</subfield>
    <subfield code="o">615 E22A</subfield>
    <subfield code="p">FP4741</subfield>
    <subfield code="r">2024-05-28 00:00:00</subfield>
    <subfield code="w">2024-05-08</subfield>
    <subfield code="y">BK</subfield>
    <subfield code="k">18906</subfield>
  </datafield>
  <datafield tag="952" ind1=" " ind2=" ">
    <subfield code="0">0</subfield>
    <subfield code="1">0</subfield>
    <subfield code="2">ddc</subfield>
    <subfield code="4">0</subfield>
    <subfield code="7">0</subfield>
    <subfield code="8">FP</subfield>
    <subfield code="a">APL</subfield>
    <subfield code="b">APL</subfield>
    <subfield code="c">TXT</subfield>
    <subfield code="d">2024-05-28</subfield>
    <subfield code="e">AHUJA PUBLICATION</subfield>
    <subfield code="g">275.00</subfield>
    <subfield code="i">SGTU</subfield>
    <subfield code="l">1</subfield>
    <subfield code="o">615 E22A</subfield>
    <subfield code="p">FP4742</subfield>
    <subfield code="r">2024-06-18 00:00:00</subfield>
    <subfield code="s">2024-06-15</subfield>
    <subfield code="w">2024-05-08</subfield>
    <subfield code="y">BK</subfield>
    <subfield code="k">18906</subfield>
  </datafield>
  <datafield tag="952" ind1=" " ind2=" ">
    <subfield code="0">0</subfield>
    <subfield code="1">0</subfield>
    <subfield code="2">ddc</subfield>
    <subfield code="4">0</subfield>
    <subfield code="7">0</subfield>
    <subfield code="8">FP</subfield>
    <subfield code="a">APL</subfield>
    <subfield code="b">APL</subfield>
    <subfield code="c">TXT</subfield>
    <subfield code="d">2024-05-28</subfield>
    <subfield code="e">AHUJA PUBLICATION</subfield>
    <subfield code="g">275.00</subfield>
    <subfield code="i">SGTU</subfield>
    <subfield code="l">4</subfield>
    <subfield code="o">615 E22A</subfield>
    <subfield code="p">FP4743</subfield>
    <subfield code="r">2025-06-26 00:00:00</subfield>
    <subfield code="s">2025-06-18</subfield>
    <subfield code="w">2024-05-08</subfield>
    <subfield code="y">BK</subfield>
    <subfield code="k">18906</subfield>
  </datafield>
  <datafield tag="952" ind1=" " ind2=" ">
    <subfield code="0">0</subfield>
    <subfield code="1">0</subfield>
    <subfield code="2">ddc</subfield>
    <subfield code="4">0</subfield>
    <subfield code="7">0</subfield>
    <subfield code="8">FP</subfield>
    <subfield code="a">APL</subfield>
    <subfield code="b">APL</subfield>
    <subfield code="c">TXT</subfield>
    <subfield code="d">2024-05-28</subfield>
    <subfield code="e">AHUJA PUBLICATION</subfield>
    <subfield code="g">275.00</subfield>
    <subfield code="i">SGTU</subfield>
    <subfield code="l">0</subfield>
    <subfield code="o">615 E22A</subfield>
    <subfield code="p">FP4744</subfield>
    <subfield code="r">2024-05-28 00:00:00</subfield>
    <subfield code="w">2024-05-08</subfield>
    <subfield code="y">BK</subfield>
    <subfield code="k">18906</subfield>
  </datafield>
  <datafield tag="952" ind1=" " ind2=" ">
    <subfield code="0">0</subfield>
    <subfield code="1">0</subfield>
    <subfield code="2">ddc</subfield>
    <subfield code="4">0</subfield>
    <subfield code="7">0</subfield>
    <subfield code="8">FP</subfield>
    <subfield code="a">APL</subfield>
    <subfield code="b">APL</subfield>
    <subfield code="c">TXT</subfield>
    <subfield code="d">2024-05-28</subfield>
    <subfield code="e">AHUJA PUBLICATION</subfield>
    <subfield code="g">275.00</subfield>
    <subfield code="i">SGTU</subfield>
    <subfield code="l">1</subfield>
    <subfield code="o">615 E22A</subfield>
    <subfield code="p">FP4745</subfield>
    <subfield code="r">2024-06-18 00:00:00</subfield>
    <subfield code="s">2024-06-13</subfield>
    <subfield code="w">2024-05-08</subfield>
    <subfield code="y">BK</subfield>
    <subfield code="k">18906</subfield>
  </datafield>
  <datafield tag="999" ind1=" " ind2=" ">
    <subfield code="c">26423</subfield>
    <subfield code="d">26423</subfield>
  </datafield>
</record>
